Statistics for Toronto Raptors Top 10 Leaders

Click here to take the quiz!

General Stats

  • This quiz has been taken 218 times
    (13 since last reset)
  • The average score is 11 of 18

Answer Stats

Player % Correct
DeMar DeRozan
100%
Kyle Lowry
100%
Vince Carter
92%
Chris Bosh
85%
Tracy McGrady
85%
Amir Johnson
69%
Alvin Williams
69%
Serge Ibaka
69%
Antonio Davis
62%
Andrea Bargnani
54%
Fred VanVleet
54%
Jonas Valanciunas
46%
Morris Peterson
46%
Doug Christie
46%
Damon Stoudamire
46%
Jose Calderon
38%
Marcus Camby
23%
Keon Clark
23%

Score Distribution

Percentile by Number Answered

Percent of People with Each Score

Your Score History

You have not taken this quiz since the last reset